Teoría y práctica del proceso de pertenencia : (Registro nro. 33252)

Detalles MARC
000 -CABECERA
Longitud fija campo de control 01068nam a2200253 a 4500
003 - • IDENTIFICADOR DELl NÚMERO DE CONTROL
Identificador del número de control CO-ViMGA
008 - • CÓDIGOS DE INFORMACIÓN DE LONGITUD FIJA
Códigos de información de longitud fija 141112s2004 ck r 000 u spa d
020 ## - • NÚMERO INTERNACIONAL NORMALIZADO PARA LIBROS
Número Internacional Normalizado para Libros (ISBN) 9789586764438
040 ## - FUENTE DE LA CATALOGACIÓN
Centro catalogador de origen CO-ViMGA
Lengua de catalogación spa
Centro transcriptor CO-ViMGA
082 04 - • NÚMERO DE LA CLASIFICACIÓN DECIMAL DEWEY
Número de clasificación (R) 346.8610432 C15t
100 1# - • PUNTO DE ACCESO PRINCIPAL-NOMBRE DE PERSONA
Nombre de persona Canosa Torrado, Fernando, 1958 -
245 10 - • TITULO PROPIAMENTE DICHO
Título Teoría y práctica del proceso de pertenencia :
Resto del título proceso especial para el saneamiento de la titulación de la propiedad inmueble, y declaración de poseción regular ante notario (Leyes 1182 y 1183 de 2008) /
Mención de responsabilidad, etc. Fernando Canosa Torrado
250 ## - • MENCIÓN DE EDICIÓN
Mención de edición 6a. ed.
300 ## - • DESCRIPCIÓN FÍSICA
Extensión xxxvii, 768 p. ; 24 cm
500 ## - • NOTA GENERAL
Nota general Incluye índice temático, de autores, de entidades, legislativo y de jurisprudencia
598 ## -
-- NEW - GRAL, NEW
650 14 - • PUNTO DE ACCESO ADICIONAL DE MATERIA - TÉRMINO DE MATERIA
Término de materia o nombre geográfico como elemento inicial Declaración de pertenencia - Colombia
917 ## -
-- 2009 - 2994 2 ejemplares
942 ## - ENTRADA DE ELEMENTOS AGREGADOS (KOHA)
Fuente de clasificaión o esquema Dewey Decimal Classification
Koha [por defecto] tipo de item LIbro
990 ## - EQUIVALENCIA O SECCIÓN-REFERENCIA [LOCAL, CANADA]
Enlace de información para campos 9XX 2009 - 2994 Ediciones Doctrina y Ley LTDA 2 ejemplares 21 19052009 a670293
Existencias
Perdido Fuente de clasificación o esquema Estado Físico No para préstamo Forma de adquisición Localización permanente Localización actual Fecha adquisición Serie de enumeración / cronolog&íacute;a Préstamos totales Signatura completa Código de barras Fecha última consulta Fecha último préstamo Número de copia Fecha del precio de reemplazo Tipo de item de Koha
  Dewey Decimal Classification     Sala Especializada Tercer Piso Biblioteca Pública Germán Arciniegas - Villavicencio Biblioteca Pública Germán Arciniegas - Villavicencio 12/04/2015 27/oct/2014 1 346.8610432 C15t 27303 05/22/2017 05/20/2017 Ej. 1 12/04/2015 LIbro









Instituto Departamental de Cultura del Meta - Red Departamental de Bibliotecas Públicas del Meta.